000 01207nam a2200277Ia 4500
003 OSt
005 20210302094408.0
008 191128s2011 ck ad gr 000 0 spa d
020 _a9789588717265
040 _aCo-JMCR
_cCo-JMCR
041 0 _aspa
082 0 4 _a368.4 /
_bB689e
_223
100 1 _aBolívar Vargas, Mery Concepción,
_eautora
_98997
245 1 0 _aEstudio de la suficiencia y de los mecanismos de ajuste de riesgo para el calculo de la unidad de pago por capitación para garantizar el plan obligatorio de salud en el año 2006 /
_cBolívar Vargas, Mery Concepción, Hernando Guerrero Moreno, [Y otros 3]
260 _aBogotá :
_bMinisterio de protección Social,
_c2011.
300 _a110 páginas :
_bgráficos a blanco y negro ;
_c28 cm. +
_e1 CD-ROM
300 _b
490 0 _aColección de estudios de suficiencia UPC-POS
504 _aBibliografía : páginas 103-104.
505 0 _aMetodología -- Resultados -- Conclusiones y recomendaciones
650 2 4 _aRégimen pensiones
_99016
650 2 4 _aEstudio
_xRégimen subsidiado
_99017
700 1 _aGuerrero Moreno, Hernando,
_eautor
_99000
700 1 _aOrdóñez Lega, Inés Elvira,
_eautora
_99018
942 _2ddc
_cBK
999 _c6362
_d6362